• 首页
  • 本馆介绍
  • 公告通知
  • 最新文献
  • 馆藏检索
  • 电子资源
  • 读者导购
  • 参考咨询
  • 我的图书馆
  • 登录
  • 详细信息显示
  • 放入我的书架
  • 预约/预借图书
  • 作者相关作品
  • 分类相关作品
  • 丛书相关作品
  • 出版社相关作品

书目信息

  • 表格格式
  • 工作单格式
  • 卡片格式
题名:
毛泽东著作选读
    
 
作者: 毛泽东 著 ;毛泽东著作选读编辑委员会 编
分册: 甲种本  
出版信息: 北京   中国青年出版社  1964
页数: 384页
开本: 19cm
丛书名:
单 册:
中图分类: A419
科图分类:
主题词: 毛泽东著作--选读
电子资源:
ISBN:
000 00776nam0 2200229 45
001 0186020293
005 20060726171649.71
091    @a1001.1382
100    @a19900724d1964 em y0chiy0121 ea
101 0  @achi
102    @aCN@b110000
105    @ay z 000yy
200 10 @a毛泽东著作选读@h甲种本@Amao ze dong zhu zuo xuan du@f毛泽东著@FMao Ze Dong Zhu@g毛泽东著作选读编辑委员会编@Gmao ze dong zhu zuo xuan du bian ji wei yuan hui bian
210    @a北京@c中国青年出版社@d1964
215    @a384页@d19cm
606    @a毛泽东著作@x选读
690    @aA419@v3
701  0 @a毛泽东@4著
712 02 @a毛泽东著作选读编辑委员会@Amao ze dong zhu zuo xuan du bian ji wei yuan hui@4编
801  2 @aCN@bNLC@c20060726
801  0 @aCN@b深圳图书馆@c20060726
905    @dA419@e28:2@f1@b162822
    
    毛泽东著作选读.甲种本/毛泽东著/毛泽东著作选读编辑委员会编.-北京:中国青年出版社,1964
    384页;19cm
    
    
    ISBN :
    
●
相关链接 在E读中查询图书 在五车中查询图书 在当当中查询图书 在豆瓣中查询图书


正题名:毛泽东著作选读     索取号:A419/28:2         预约/预借

序号 登录号 条形码 馆藏地/架位号 状态 备注
1 0439802   204398026   密集书库/ [索取号:A419/28:2] 在馆    
唐山师范学院图书馆 欢迎您!
大连网信软件有限公司© 版权所有